[Event "male"]
[Site "?"]
[Date "2016.02.13"]
[Round "3.1"]
[White "Artamonov, Valery"]
[Black "Abramov, Nikita"]
[Result "1/2-1/2"]
[LiveChessVersion "1.4.2"]
[BlackElo "2238"]
[WhiteElo "2292"]

1. c4 {[%clk 1:26:27]} c5 {[%clk 1:30:53]} 2. g3 {[%clk 1:26:43]} g6
{[%clk 1:30:12]} 3. Bg2 {[%clk 1:27:08]} Bg7 {[%clk 1:30:38]} 4. Nc3
{[%clk 1:27:22]} Nc6 {[%clk 1:30:51]} 5. d3 {[%clk 1:27:06]} e6 {[%clk 1:30:08]}
6. e4 {[%clk 1:27:15]} Nge7 {[%clk 1:29:39]} 7. Nge2 {[%clk 1:27:38]} O-O
{[%clk 1:28:22]} 8. O-O {[%clk 1:26:47]} d6 {[%clk 1:27:41]} 9. a3
{[%clk 1:27:09]} Rb8 {[%clk 1:18:15]} 10. Be3 {[%clk 1:23:34]} Nd4
{[%clk 1:18:01]} 11. Rb1 {[%clk 1:23:00]} b6 {[%clk 1:16:35]} 12. b4
{[%clk 1:23:08]} Bb7 {[%clk 1:15:32]} 13. f4 {[%clk 1:16:50]} Qd7
{[%clk 1:13:40]} 14. Qd2 {[%clk 1:04:44]} f5 {[%clk 1:10:59]} 15. Bf2
{[%clk 1:02:10]} Rbe8 {[%clk 1:02:44]} 16. Rfe1 {[%clk 1:00:36]} Ba8
{[%clk 0:59:34]} 17. Nxd4 {[%clk 0:54:17]} cxd4 {[%clk 0:59:42]} 18. Nd1
{[%clk 0:45:00]} e5 {[%clk 0:57:19]} 19. fxe5 {[%clk 0:44:04]} dxe5
{[%clk 0:57:13]} 20. Qe2 {[%clk 0:40:07]} Kh8 {[%clk 0:52:12]} 21. Rf1
{[%clk 0:38:14]} Ng8 {[%clk 0:45:48]} 22. Be1 {[%clk 0:38:13]} fxe4
{[%clk 0:40:21]} 23. Rxf8 {[%clk 0:35:23]} Rxf8 {[%clk 0:40:20]} 24. Bxe4
{[%clk 0:34:38]} Bxe4 {[%clk 0:40:21]} 25. Qxe4 {[%clk 0:34:43]} Nf6
{[%clk 0:39:54]} 26. Qg2 {[%clk 0:33:04]} e4 {[%clk 0:37:44]} 27. dxe4
{[%clk 0:33:19]} Qe6 {[%clk 0:37:49]} 28. Nf2 {[%clk 0:25:12]} Qxc4
{[%clk 0:37:05]} 29. Rd1 {[%clk 0:24:12]} Qe2 {[%clk 0:34:29]} 30. Qf1
{[%clk 0:15:44]} Qxf1+ {[%clk 0:33:40]} 31. Kxf1 {[%clk 0:16:12]} Nxe4
{[%clk 0:33:30]} 32. Kg2 {[%clk 0:14:11]} Nd6 {[%clk 0:32:39]} 33. Bd2
{[%clk 0:11:19]} Re8 {[%clk 0:25:41]} 34. Kf3 {[%clk 0:11:30]} b5
{[%clk 0:25:50]} 35. Bf4 {[%clk 0:10:40]} Nc4 {[%clk 0:25:41]} 36. Nd3
{[%clk 0:11:00]} Bf6 {[%clk 0:19:45]} 37. h4 {[%clk 0:11:24]} Kg7
{[%clk 0:19:25]} 38. Ra1 {[%clk 0:10:55]} h6 {[%clk 0:17:29]} 39. a4
{[%clk 0:11:12]} g5 {[%clk 0:14:10]} 40. hxg5 {[%clk 0:41:37]} hxg5
{[%clk 0:44:34]} 41. Bc1 {[%clk 0:41:52]} bxa4 {[%clk 0:43:57]} 42. Rxa4
{[%clk 0:39:13]} Re7 {[%clk 0:44:04]} 43. Ra6 {[%clk 0:37:33]} Kg6
{[%clk 0:39:32]} 44. Rc6 {[%clk 0:37:13]} Ne3 {[%clk 0:36:43]} 45. Nf2
{[%clk 0:34:07]} Kf7 {[%clk 0:32:45]} 46. b5 {[%clk 0:30:29]} Re5
{[%clk 0:24:42]} 47. Rc7+ {[%clk 0:27:16]} Kg6 {[%clk 0:23:41]} 48. Rxa7
{[%clk 0:26:42]} Rxb5 {[%clk 0:20:02]} 49. Bxe3 {[%clk 0:26:56]} dxe3
{[%clk 0:19:55]} 50. Kxe3 {[%clk 0:26:47]} Rb3+ {[%clk 0:20:08]} 51. Nd3
{[%clk 0:27:17]} Rb6 {[%clk 0:20:32]} 52. Ke4 1/2-1/2

[Event "male"]
[Site "?"]
[Date "2016.02.13"]
[Round "3.2"]
[White "Timerkhanov, Alexander"]
[Black "Ganichev, Alexander"]
[Result "1-0"]
[LiveChessVersion "1.4.2"]
[BlackElo "2225"]
[WhiteElo "2251"]

1. d4 {[%clk 1:30:57]} d5 {[%clk 1:25:02]} 2. c4 {[%clk 1:31:21]} e6
{[%clk 1:25:12]} 3. Nf3 {[%clk 1:31:46]} Nf6 {[%clk 1:25:23]} 4. Nc3
{[%clk 1:32:07]} c6 {[%clk 1:25:30]} 5. Bg5 {[%clk 1:32:32]} dxc4
{[%clk 1:24:52]} 6. e4 {[%clk 1:32:33]} b5 {[%clk 1:24:44]} 7. e5
{[%clk 1:32:57]} h6 {[%clk 1:25:01]} 8. Bh4 {[%clk 1:33:24]} g5 {[%clk 1:25:10]}
9. Nxg5 {[%clk 1:33:47]} hxg5 {[%clk 1:25:34]} 10. Bxg5 {[%clk 1:34:13]} Nbd7
{[%clk 1:25:45]} 11. g3 {[%clk 1:34:25]} Qa5 {[%clk 1:09:14]} 12. exf6
{[%clk 1:31:54]} Ba6 {[%clk 1:07:43]} 13. a3 {[%clk 1:23:37]} O-O-O
{[%clk 1:02:26]} 14. Bg2 {[%clk 1:20:35]} Nc5 {[%clk 0:56:10]} 15. O-O
{[%clk 1:11:25]} Nb3 {[%clk 0:51:04]} 16. Qf3 {[%clk 1:10:23]} Nxd4
{[%clk 0:47:26]} 17. Qe4 {[%clk 1:10:22]} Bc5 {[%clk 0:45:14]} 18. Be3
{[%clk 1:07:11]} Bb7 {[%clk 0:36:52]} 19. Rad1 {[%clk 0:59:33]} Nb3
{[%clk 0:29:19]} 20. h4 {[%clk 0:45:02]} Bxe3 {[%clk 0:12:44]} 21. Qxe3
{[%clk 0:44:49]} c5 {[%clk 0:10:37]} 22. Qe5 {[%clk 0:38:53]} Bxg2
{[%clk 0:05:39]} 23. Kxg2 {[%clk 0:39:15]} Qb6 {[%clk 0:05:58]} 24. Ne4
{[%clk 0:38:20]} Qc6 {[%clk 0:05:58]} 25. f3 {[%clk 0:38:12]} Nd4
{[%clk 0:03:25]} 26. Qxc5 {[%clk 0:38:13]} Qxc5 {[%clk 0:03:27]} 27. Nxc5
{[%clk 0:38:41]} Rd5 {[%clk 0:02:39]} 28. Ne4 {[%clk 0:38:25]} Nf5
{[%clk 0:02:14]} 29. Rde1 {[%clk 0:35:57]} Rd3 {[%clk 0:02:12]} 30. Ng5
{[%clk 0:30:16]} Ne3+ {[%clk 0:00:46]} 31. Rxe3 {[%clk 0:30:39]} Rxe3
{[%clk 0:01:15]} 32. Nxf7 {[%clk 0:31:04]} Rf8 {[%clk 0:01:36]} 33. Nd6+
{[%clk 0:31:30]} Kd7 {[%clk 0:01:51]} 34. Ne4 {[%clk 0:31:52]} e5
{[%clk 0:01:35]} 35. Rd1+ {[%clk 0:29:50]} Kc6 {[%clk 0:01:13]} 36. Kf2
{[%clk 0:28:28]} Rb3 {[%clk 0:01:35]} 37. Rd2 {[%clk 0:28:48]} a5
{[%clk 0:01:56]} 38. g4 {[%clk 0:29:10]} b4 {[%clk 0:02:17]} 39. axb4
{[%clk 0:29:29]} axb4 {[%clk 0:02:46]} 40. Rc2 {[%clk 0:59:01]} Kd5
{[%clk 0:33:35]} 41. g5 {[%clk 0:59:08]} Kd4 {[%clk 0:33:33]} 42. g6
{[%clk 0:58:38]} c3 {[%clk 0:33:46]} 43. bxc3+ {[%clk 0:58:55]} bxc3
{[%clk 0:34:12]} 44. g7 {[%clk 0:59:00]} Ra8 {[%clk 0:34:33]} 45. f7
{[%clk 0:59:06]} Rb2 {[%clk 0:34:53]} 46. f8=Q {[%clk 0:59:18]} Rxc2+
{[%clk 0:35:18]} 47. Kg3 {[%clk 0:59:44]} Kd5 1-0

[Event "male"]
[Site "?"]
[Date "2016.02.13"]
[Round "3.3"]
[White "Fraiman, Dmitry"]
[Black "Sichinava, Zviad"]
[Result "0-1"]
[LiveChessVersion "1.4.2"]
[BlackElo "2313"]
[WhiteElo "2193"]

1. e4 {[%clk 1:22:48]} e6 {[%clk 1:23:53]} 2. d4 {[%clk 1:23:14]} d5
{[%clk 1:24:19]} 3. e5 {[%clk 1:23:41]} c5 {[%clk 1:24:24]} 4. c3
{[%clk 1:24:07]} Nc6 {[%clk 1:24:51]} 5. Nf3 {[%clk 1:24:34]} Qb6
{[%clk 1:25:15]} 6. a3 {[%clk 1:24:58]} Nh6 {[%clk 1:25:32]} 7. b4
{[%clk 1:24:53]} cxd4 {[%clk 1:25:54]} 8. cxd4 {[%clk 1:25:20]} Nf5
{[%clk 1:26:19]} 9. Bb2 {[%clk 1:25:45]} Be7 {[%clk 1:23:36]} 10. Bd3
{[%clk 1:25:53]} Bd7 {[%clk 1:23:39]} 11. Bxf5 {[%clk 1:25:15]} exf5
{[%clk 1:24:04]} 12. Nc3 {[%clk 1:20:28]} Be6 {[%clk 1:24:28]} 13. O-O
{[%clk 1:18:20]} O-O {[%clk 1:23:42]} 14. Na4 {[%clk 1:15:36]} Qd8
{[%clk 1:21:17]} 15. Rc1 {[%clk 1:11:12]} b5 {[%clk 1:19:28]} 16. Nc5
{[%clk 1:11:05]} Qb6 {[%clk 1:19:46]} 17. Bc3 {[%clk 0:54:52]} a5
{[%clk 1:19:19]} 18. Qd2 {[%clk 0:49:39]} h6 {[%clk 1:18:37]} 19. Ne1
{[%clk 0:47:07]} axb4 {[%clk 1:18:20]} 20. axb4 {[%clk 0:42:24]} Bg5
{[%clk 1:13:10]} 21. f4 {[%clk 0:42:06]} Be7 {[%clk 1:13:35]} 22. Ned3
{[%clk 0:42:01]} h5 {[%clk 1:11:10]} 23. Rc2 {[%clk 0:40:08]} Ra3
{[%clk 1:09:48]} 24. Rfc1 {[%clk 0:40:20]} Rc8 {[%clk 1:04:05]} 25. Kh1
{[%clk 0:37:33]} Rc7 {[%clk 0:59:00]} 26. Qe2 {[%clk 0:36:34]} g6
{[%clk 0:59:17]} 27. Qd2 {[%clk 0:35:21]} Ra8 {[%clk 0:55:02]} 28. Kg1
{[%clk 0:35:12]} Rca7 {[%clk 0:54:44]} 29. Kh1 {[%clk 0:33:21]} Bf8
{[%clk 0:52:11]} 30. Kg1 {[%clk 0:30:32]} Ne7 {[%clk 0:47:58]} 31. Kh1
{[%clk 0:28:58]} Nc8 {[%clk 0:46:49]} 32. Qe2 {[%clk 0:22:54]} Qd8
{[%clk 0:46:46]} 33. Ne1 {[%clk 0:19:38]} Nb6 {[%clk 0:45:16]} 34. Ned3
{[%clk 0:15:20]} Nc4 {[%clk 0:45:31]} 35. Qf2 {[%clk 0:14:06]} Ra3
{[%clk 0:44:06]} 36. Kg1 {[%clk 0:13:16]} R8a7 {[%clk 0:44:19]} 37. Qf3
{[%clk 0:10:01]} Ra2 {[%clk 0:43:38]} 38. Qg3 {[%clk 0:08:42]} Kg7
{[%clk 0:43:40]} 39. Qf2 {[%clk 0:08:36]} Rxc2 {[%clk 0:43:09]} 40. Rxc2
{[%clk 0:38:31]} Be7 {[%clk 1:13:25]} 41. Kh1 {[%clk 0:37:17]} Ra3
{[%clk 1:08:02]} 42. Kg1 {[%clk 0:35:20]} Qa8 {[%clk 1:07:07]} 43. Qf3
{[%clk 0:16:24]} Ra2 {[%clk 1:05:12]} 44. Qe2 {[%clk 0:14:19]} Rxc2
{[%clk 1:05:37]} 45. Qxc2 {[%clk 0:14:45]} Qa3 {[%clk 1:06:04]} 46. Kf2
{[%clk 0:14:19]} h4 {[%clk 1:01:06]} 47. h3 {[%clk 0:12:01]} g5 {[%clk 1:01:00]}
48. fxg5 {[%clk 0:09:08]} Bxg5 {[%clk 1:01:25]} 49. Kf3 {[%clk 0:08:46]} Be3
{[%clk 0:58:25]} 50. Nf4 {[%clk 0:03:53]} Bd2 {[%clk 0:57:38]} 51. Ne2
{[%clk 0:02:26]} f4 {[%clk 0:53:12]} 52. Nxe6+ {[%clk 0:01:23]} fxe6
{[%clk 0:53:38]} 53. Qd3 {[%clk 0:00:54]} Qb3 {[%clk 0:53:01]} 54. Kg4
{[%clk 0:00:49]} Bxc3 {[%clk 0:46:00]} 55. Nxc3 {[%clk 0:00:34]} Qxb4
{[%clk 0:45:39]} 56. Kxh4 {[%clk 0:00:32]} Ne3 {[%clk 0:43:25]} 57. Kh5
{[%clk 0:00:34]} Nf5 {[%clk 0:43:38]} 58. Ne2 {[%clk 0:00:33]} Qe1
{[%clk 0:43:31]} 59. Kg4 {[%clk 0:00:34]} Qf2 {[%clk 0:41:44]} 60. Nxf4
{[%clk 0:00:32]} Ne3+ {[%clk 0:42:02]} 61. Kg5 {[%clk 0:00:38]} Qg3+
{[%clk 0:42:51]} 62. Kh5 {[%clk 0:01:02]} Qxf4 {[%clk 0:43:16]} 63. Qxb5
{[%clk 0:00:34]} Qh6# {[%clk 0:42:52]} 0-1

[Event "male"]
[Site "?"]
[Date "2016.02.13"]
[Round "3.4"]
[White "Pershin, Denis"]
[Black "Borisovsky, Dmitry"]
[Result "1-0"]
[LiveChessVersion "1.4.2"]
[BlackElo "2197"]
[WhiteElo "2375"]

1. e4 {[%clk 1:29:20]} c5 {[%clk 1:30:39]} 2. Nf3 {[%clk 1:29:44]} d6
{[%clk 1:31:03]} 3. Bb5+ {[%clk 1:30:10]} Bd7 {[%clk 1:31:11]} 4. Bxd7+
{[%clk 1:30:35]} Qxd7 {[%clk 1:31:34]} 5. O-O {[%clk 1:31:01]} Nc6
{[%clk 1:30:41]} 6. c3 {[%clk 1:31:25]} Nf6 {[%clk 1:30:46]} 7. d4
{[%clk 1:31:47]} cxd4 {[%clk 1:31:02]} 8. cxd4 {[%clk 1:32:12]} Nxe4
{[%clk 1:26:05]} 9. d5 {[%clk 1:32:37]} Ne5 {[%clk 1:25:55]} 10. Nxe5
{[%clk 1:33:02]} dxe5 {[%clk 1:26:51]} 11. Re1 {[%clk 1:33:28]} Nd6
{[%clk 1:14:55]} 12. Rxe5 {[%clk 1:33:50]} g6 {[%clk 1:15:20]} 13. Bg5
{[%clk 1:34:08]} Nf5 {[%clk 1:09:34]} 14. Bf6 {[%clk 1:34:15]} Bg7
{[%clk 1:08:44]} 15. Bxg7 {[%clk 1:34:39]} Nxg7 {[%clk 1:09:08]} 16. Qe2
{[%clk 1:34:24]} O-O {[%clk 1:08:40]} 17. Nc3 {[%clk 1:34:48]} Rfe8
{[%clk 1:05:30]} 18. Re1 {[%clk 1:33:53]} Nf5 {[%clk 1:01:29]} 19. h3
{[%clk 1:33:05]} Rad8 {[%clk 0:51:44]} 20. Re4 {[%clk 1:24:01]} h5
{[%clk 0:44:45]} 21. Re5 {[%clk 1:19:13]} a6 {[%clk 0:27:34]} 22. Ne4
{[%clk 1:10:16]} Nd6 {[%clk 0:25:22]} 23. Nc5 {[%clk 0:58:23]} Qc7
{[%clk 0:21:56]} 24. b4 {[%clk 0:56:02]} Nc8 {[%clk 0:20:53]} 25. Qe4
{[%clk 0:53:00]} Rd6 {[%clk 0:12:18]} 26. Ne6 {[%clk 0:51:58]} Qc3
{[%clk 0:12:11]} 27. Re3 {[%clk 0:51:47]} Qa1+ {[%clk 0:12:09]} 28. Kh2
{[%clk 0:52:10]} 1-0

[Event "male"]
[Site "?"]
[Date "2016.02.13"]
[Round "3.5"]
[White "Schekachikhin, Maksim"]
[Black "Menkov, Aleksandr"]
[Result "1-0"]
[LiveChessVersion "1.4.2"]
[BlackElo "2218"]
[WhiteElo "2300"]

1. d4 {[%clk 1:28:00]} Nf6 {[%clk 1:30:56]} 2. c4 {[%clk 1:28:20]} g6
{[%clk 1:31:16]} 3. Nc3 {[%clk 1:28:45]} Bg7 {[%clk 1:31:37]} 4. Nf3
{[%clk 1:29:10]} d6 {[%clk 1:29:47]} 5. e4 {[%clk 1:29:33]} O-O {[%clk 1:28:46]}
6. Be2 {[%clk 1:29:58]} e5 {[%clk 1:29:07]} 7. O-O {[%clk 1:30:24]} Nc6
{[%clk 1:28:45]} 8. d5 {[%clk 1:30:33]} Ne7 {[%clk 1:29:08]} 9. b4
{[%clk 1:30:56]} Nh5 {[%clk 1:28:36]} 10. g3 {[%clk 1:31:21]} f5 {[%clk 1:25:34]}
11. Ng5 {[%clk 1:31:45]} h6 {[%clk 1:04:52]} 12. Ne6 {[%clk 1:30:15]} Bxe6
{[%clk 1:03:49]} 13. dxe6 {[%clk 1:30:35]} fxe4 {[%clk 0:58:09]} 14. Bxh5
{[%clk 1:21:19]} gxh5 {[%clk 0:58:32]} 15. Qxh5 {[%clk 1:21:06]} Rf6
{[%clk 0:49:33]} 16. Qg4 {[%clk 1:15:50]} Rg6 {[%clk 0:46:23]} 17. Qxe4
{[%clk 1:08:43]} c6 {[%clk 0:46:26]} 18. Rd1 {[%clk 1:06:01]} Rxe6
{[%clk 0:43:28]} 19. b5 {[%clk 1:01:53]} Qa5 {[%clk 0:28:22]} 20. Bd2
{[%clk 0:57:43]} Rf8 {[%clk 0:28:35]} 21. Nd5 {[%clk 0:49:54]} Qa4
{[%clk 0:21:54]} 22. Nxe7+ {[%clk 0:45:01]} Rxe7 {[%clk 0:21:58]} 23. Be3
{[%clk 0:41:34]} Re6 {[%clk 0:16:30]} 24. bxc6 {[%clk 0:39:29]} bxc6
{[%clk 0:16:26]} 25. Rab1 {[%clk 0:37:09]} d5 {[%clk 0:14:06]} 26. Qg4
{[%clk 0:35:18]} Rff6 {[%clk 0:14:24]} 27. Re1 {[%clk 0:24:03]} e4
{[%clk 0:07:26]} 28. cxd5 {[%clk 0:19:55]} cxd5 {[%clk 0:07:43]} 29. Rb7
{[%clk 0:19:37]} Rg6 {[%clk 0:07:50]} 30. Qf5 {[%clk 0:19:41]} d4
{[%clk 0:01:32]} 31. Qf7+ {[%clk 0:19:13]} Kh7 {[%clk 0:01:49]} 32. Rb8
{[%clk 0:19:42]} Rgf6 {[%clk 0:01:29]} 33. Qg8+ {[%clk 0:19:45]} Kg6
{[%clk 0:01:55]} 34. Bf4 {[%clk 0:12:20]} Rf7 {[%clk 0:01:52]} 35. h4
{[%clk 0:10:28]} Qd7 {[%clk 0:01:52]} 36. Reb1 {[%clk 0:06:24]} e3
{[%clk 0:01:59]} 37. fxe3 {[%clk 0:06:09]} dxe3 {[%clk 0:02:10]} 38. R8b7
{[%clk 0:06:32]} Qe8 {[%clk 0:01:53]} 39. h5+ {[%clk 0:05:02]} Kf6
{[%clk 0:01:37]} 40. Rxf7+ {[%clk 0:34:42]} Qxf7 {[%clk 0:32:00]} 41. Be5+
{[%clk 0:34:46]} 1-0

[Event "male"]
[Site "?"]
[Date "2016.02.13"]
[Round "3.6"]
[White "Gurjevskoy, Denis"]
[Black "Khakimov, Timur"]
[Result "0-1"]
[LiveChessVersion "1.4.2"]
[BlackElo "2294"]
[WhiteElo "2179"]

1. e4 {[%clk 1:30:59]} e5 {[%clk 1:30:15]} 2. Nf3 {[%clk 1:31:06]} Nc6
{[%clk 1:30:28]} 3. d4 {[%clk 1:31:23]} exd4 {[%clk 1:29:42]} 4. Nxd4
{[%clk 1:31:43]} Bb4+ {[%clk 1:29:29]} 5. c3 {[%clk 1:31:40]} Bc5
{[%clk 1:29:52]} 6. Be3 {[%clk 1:30:54]} Bb6 {[%clk 1:30:13]} 7. Nf5
{[%clk 1:27:19]} Bxe3 {[%clk 1:30:06]} 8. Nxe3 {[%clk 1:27:30]} Nge7
{[%clk 1:29:57]} 9. Bd3 {[%clk 1:25:42]} d5 {[%clk 1:09:51]} 10. O-O
{[%clk 1:19:27]} d4 {[%clk 1:03:22]} 11. cxd4 {[%clk 1:15:30]} Nxd4
{[%clk 0:59:23]} 12. Qa4+ {[%clk 1:06:27]} c6 {[%clk 0:50:56]} 13. Rd1
{[%clk 0:55:48]} O-O {[%clk 0:49:31]} 14. Bf1 {[%clk 0:52:05]} c5
{[%clk 0:47:24]} 15. Qc4 {[%clk 0:52:21]} b6 {[%clk 0:43:15]} 16. Nc3
{[%clk 0:48:59]} Be6 {[%clk 0:41:49]} 17. Ncd5 {[%clk 0:47:24]} f5
{[%clk 0:26:19]} 18. b4 {[%clk 0:43:35]} Rc8 {[%clk 0:12:48]} 19. bxc5
{[%clk 0:37:55]} bxc5 {[%clk 0:13:06]} 20. Qa6 {[%clk 0:37:53]} Bxd5
{[%clk 0:11:25]} 21. exd5 {[%clk 0:36:25]} f4 {[%clk 0:10:58]} 22. Nc4
{[%clk 0:25:23]} Nxd5 {[%clk 0:10:09]} 23. Qxa7 {[%clk 0:25:13]} f3
{[%clk 0:08:33]} 24. Ne3 {[%clk 0:21:17]} Nc3 {[%clk 0:05:49]} 25. Bc4+
{[%clk 0:16:50]} Kh8 {[%clk 0:06:06]} 26. Rf1 {[%clk 0:17:18]} fxg2
{[%clk 0:05:10]} 27. Kxg2 {[%clk 0:16:46]} Qg5+ {[%clk 0:05:03]} 28. Kh1
{[%clk 0:17:12]} Nf3 {[%clk 0:04:38]} 29. Qd7 {[%clk 0:10:24]} Qh4
{[%clk 0:03:44]} 30. h3 {[%clk 0:10:46]} Qf4 {[%clk 0:03:45]} 31. Ng4
{[%clk 0:10:33]} h5 {[%clk 0:02:44]} 32. Kg2 {[%clk 0:09:58]} hxg4
{[%clk 0:02:49]} 33. Rh1 {[%clk 0:10:21]} Nh4+ {[%clk 0:02:59]} 34. Kg1
{[%clk 0:10:36]} Qxf2# {[%clk 0:03:17]} 35. Qd1 0-1

[Event "male"]
[Site "?"]
[Date "2016.02.13"]
[Round "3.7"]
[White "Emdin, Mark"]
[Black "Reshetnikov, Ruslan"]
[Result "1/2-1/2"]
[LiveChessVersion "1.4.2"]
[BlackElo "2187"]
[WhiteElo "2227"]

1. e4 {[%clk 1:30:56]} d6 {[%clk 1:30:52]} 2. d4 {[%clk 1:31:01]} Nf6
{[%clk 1:31:14]} 3. Nc3 {[%clk 1:31:25]} c6 {[%clk 1:31:30]} 4. g3
{[%clk 1:26:25]} e5 {[%clk 1:30:27]} 5. Nge2 {[%clk 1:26:40]} Be7
{[%clk 1:29:34]} 6. Bg2 {[%clk 1:26:53]} O-O {[%clk 1:29:46]} 7. O-O
{[%clk 1:27:15]} b5 {[%clk 1:28:09]} 8. a3 {[%clk 1:27:16]} a6 {[%clk 1:26:26]}
9. h3 {[%clk 1:27:00]} Bb7 {[%clk 1:26:03]} 10. g4 {[%clk 1:22:33]} Nbd7
{[%clk 1:22:35]} 11. Ng3 {[%clk 1:20:18]} Nb6 {[%clk 1:11:52]} 12. Nce2
{[%clk 1:19:30]} Re8 {[%clk 1:11:23]} 13. c3 {[%clk 1:15:34]} Bf8
{[%clk 1:10:53]} 14. f4 {[%clk 1:05:35]} Nfd7 {[%clk 1:00:10]} 15. fxe5
{[%clk 0:55:58]} dxe5 {[%clk 1:00:27]} 16. Nf5 {[%clk 0:52:28]} exd4
{[%clk 0:57:52]} 17. cxd4 {[%clk 0:51:38]} c5 {[%clk 0:58:04]} 18. d5
{[%clk 0:51:12]} Ne5 {[%clk 0:58:01]} 19. Bf4 {[%clk 0:47:32]} Nbd7
{[%clk 0:54:15]} 20. Qd2 {[%clk 0:37:18]} a5 {[%clk 0:53:06]} 21. Kh1
{[%clk 0:34:10]} Ra6 {[%clk 0:46:54]} 22. Rf2 {[%clk 0:24:53]} a4
{[%clk 0:27:08]} 23. Raf1 {[%clk 0:22:00]} Nc4 {[%clk 0:25:22]} 24. Qc2
{[%clk 0:17:43]} Nde5 {[%clk 0:23:06]} 25. Ne3 {[%clk 0:16:44]} Qd7
{[%clk 0:18:20]} 26. Nxc4 {[%clk 0:14:39]} Nxc4 {[%clk 0:18:40]} 27. Nc1
{[%clk 0:07:30]} Rf6 {[%clk 0:16:59]} 28. Nd3 {[%clk 0:06:20]} Rg6
{[%clk 0:15:50]} 29. Bc1 {[%clk 0:05:09]} Rb6 {[%clk 0:10:19]} 30. g5
{[%clk 0:02:30]} Bd6 {[%clk 0:07:30]} 31. Rxf7 {[%clk 0:01:54]} Qxf7
{[%clk 0:06:52]} 32. Rxf7 {[%clk 0:02:20]} Kxf7 {[%clk 0:07:16]} 33. Qf2+
{[%clk 0:02:45]} Kg8 {[%clk 0:07:12]} 34. Nxc5 {[%clk 0:02:42]} Bxd5
{[%clk 0:06:21]} 35. exd5 {[%clk 0:02:22]} Bxc5 {[%clk 0:06:47]} 36. Qxc5
{[%clk 0:02:45]} Re1+ {[%clk 0:07:14]} 37. Kh2 {[%clk 0:03:10]} Rxc1
{[%clk 0:07:40]} 38. Qc8+ {[%clk 0:02:51]} Kf7 {[%clk 0:07:58]} 39. Qd7+
{[%clk 0:02:46]} Kf8 {[%clk 0:07:40]} 40. Qd8+ {[%clk 0:32:16]} Kf7
{[%clk 0:38:07]} 41. Qc7+ {[%clk 0:22:16]} Kg8 {[%clk 0:36:29]} 1/2-1/2

[Event "male"]
[Site "?"]
[Date "2016.02.13"]
[Round "3.8"]
[White "Shubin, Kirill"]
[Black "Lagashin, Pavel"]
[Result "1-0"]
[LiveChessVersion "1.4.2"]
[BlackElo "2149"]
[WhiteElo "2219"]

1. e4 {[%clk 1:30:57]} c5 {[%clk 1:08:20]} 2. Nf3 {[%clk 1:31:23]} Nc6
{[%clk 1:08:45]} 3. Bb5 {[%clk 1:31:50]} g6 {[%clk 1:09:10]} 4. O-O
{[%clk 1:32:15]} Bg7 {[%clk 1:09:36]} 5. c3 {[%clk 1:32:41]} e5 {[%clk 1:09:24]}
6. d3 {[%clk 1:32:26]} Nge7 {[%clk 1:09:15]} 7. Be3 {[%clk 1:32:40]} d6
{[%clk 1:09:33]} 8. d4 {[%clk 1:31:44]} exd4 {[%clk 1:00:49]} 9. cxd4
{[%clk 1:32:07]} Bg4 {[%clk 1:00:03]} 10. dxc5 {[%clk 1:28:20]} Bxb2
{[%clk 0:59:26]} 11. Nbd2 {[%clk 1:25:30]} O-O {[%clk 0:48:36]} 12. cxd6
{[%clk 1:21:43]} Qxd6 {[%clk 0:47:49]} 13. Nc4 {[%clk 1:22:05]} Qxd1
{[%clk 0:48:11]} 14. Raxd1 {[%clk 1:22:31]} Bg7 {[%clk 0:47:30]} 15. Nd6
{[%clk 1:17:46]} a6 {[%clk 0:38:19]} 16. Bc4 {[%clk 1:13:23]} b5 {[%clk 0:36:24]}
17. Bb3 {[%clk 1:06:48]} Ne5 {[%clk 0:35:19]} 18. Nxe5 {[%clk 1:07:05]} Bxd1
{[%clk 0:17:03]} 19. Bxf7+ {[%clk 1:07:27]} Rxf7 {[%clk 0:12:06]} 20. Nexf7
{[%clk 1:07:24]} Bg4 {[%clk 0:09:37]} 21. Bg5 {[%clk 1:04:10]} Kf8
{[%clk 0:07:48]} 22. Rc1 {[%clk 1:01:04]} Ng8 {[%clk 0:03:52]} 23. Rc7
{[%clk 1:00:39]} Be6 {[%clk 0:02:44]} 24. a3 {[%clk 1:00:53]} a5 {[%clk 0:02:06]}
25. Be3 {[%clk 0:59:46]} b4 {[%clk 0:01:57]} 26. Bc5 {[%clk 0:59:41]} Ne7
{[%clk 0:02:15]} 27. Ng5 {[%clk 0:59:14]} Bg8 {[%clk 0:02:14]} 28. Nc8
{[%clk 0:59:11]} Bf6 {[%clk 0:02:29]} 29. Nf3 {[%clk 0:57:30]} b3
{[%clk 0:01:29]} 30. Nxe7 {[%clk 0:57:49]} Ke8 {[%clk 0:00:57]} 31. Nxg8
{[%clk 0:58:07]} 1-0